| 000 | 01079nam a2200301 i 4500 | ||
|---|---|---|---|
| 001 | bg | ||
| 003 | BPK | ||
| 005 | 20200604082016.0 | ||
| 008 | 981015s1998 pl a f f |000 0 pol d | ||
| 015 | _aPB 1998/16436 | ||
| 020 | _a8390387832 | ||
| 040 |
_aWA N _cBPK |
||
| 080 | _a004.42 | ||
| 080 | _a004.92 | ||
| 080 | _a(075.8) | ||
| 100 | 1 |
_aLisowski, Edward _d(1955- ) _eAutor |
|
| 245 | 1 | 0 |
_aKomputerowy zapis dokumentacji konstrukcyjnej za pomocą programu wellCAM / _cEdward Lisowski ; Politechnika Krakowska im. Tadeusza Kościuszki. |
| 260 |
_aKraków : _bPK, _c1998. |
||
| 300 |
_a200 s. : _brys., 2 wykr. ; _c24 cm. |
||
| 504 | _aBibliogr. s. 171. | ||
| 521 | 8 | _aSkrypt dla studentów wyższych szkół technicznych. | |
| 650 | 4 | _aWellCAM. | |
| 655 | 4 | _aPodręczniki akademickie | |
| 650 | 4 | _aProgramy graficzne | |
| 710 | 2 |
_aPolitechnika Krakowska im. Tadeusza Kościuszki _bWydawnictwo _4pbl. |
|
| 942 |
_2UKD _cKS |
||
| 856 |
_uhttp://koha.tu.koszalin.pl/cgi-bin/koha/opac-detail.pl?biblionumber=33157 _yKatalog online BPK |
||
| 999 |
_c33157 _d33157 |
||